Historia del arte y de la arquitectura latinoamericana: desde la época precolombina hasta hoy

Salvato in:
Dettagli Bibliografici
Autore principale: Castedo, Leopoldo (Autore)
Natura: Libro
Lingua:spagnolo
Pubblicazione: Barcelona Pomaire 1970
Serie:Circulo de lectores
Soggetti:
Tags: Aggiungi Tag
Nessun Tag, puoi essere il primo ad aggiungerne!!

MARC

LEADER 00000nam a2200000 a 4500
001 UCY1560
003 CL-VaPUC
008 940907e19700000SP |||||||||||||||||spa|d
082 0 4 |a 709.8  |b CAS  |2 21 
100 0 |a Castedo, Leopoldo  |e author  |9 329573 
245 1 0 |a Historia del arte y de la arquitectura latinoamericana: desde la época precolombina hasta hoy 
300 |a 344 p 
942 |c BK 
945 |d 19940907 00:00:00  |a oaravena 
260 |a Barcelona  |b Pomaire  |c 1970 
650 0 |a Arte latinoamericano  |v Historia   |9 329574 
650 0 |a Arquitectura latinoamericana   |v Historia   |9 329575 
583 |a last modification  |c 19940907 00:00:00  |k Rodrigo Vera 
490 0 |a Circulo de lectores 
999 |c 230228  |d 230226 
952 |0 0  |1 0  |4 0  |6 709_800000000000000_CAS_1970  |7 0  |8 P  |9 232296  |a BIBARQ  |b BIBARQ  |d 2019-11-15  |i 3012670  |o 709.8 CAS 1970  |p 3012670  |r 2025-01-20  |w 2019-11-15  |y BK  |k ARQ